000 00751nam a22002057a 4500
005 20240530110907.0
008 220214s0000 ua g 000 0 ara d
017 _bمصر. دار الكتب
040 _aEG-CaGPL
_cEG-CaGPL
082 0 4 _221
_a258 /
_bم ت
100 0 _aمحمد ابوزهرة
245 1 2 _aتاريخ المذاهب الاسلامية :
_bفى السياسة والعقائد وتاريخ المذاهب الفقهية /
_cمحمد ابوزهرة
250 _aط. 1
260 _aالقاهرة :
_bدار الفكر العربى،
_cد. ت
300 _a688 ص. ؛
_c24 سم
650 0 7 _2qrmak
_aالمذاهب الاسلامية
651 _2qrmak
942 _2ddc
_cBK
999 _c66240
_d66240